Экологическое состояние реки Иртыш и источники загрязнения ртутью; Проблемы геологии и освоения недр; Т. 2

Dades bibliogràfiques
Parent link:Проблемы геологии и освоения недр: труды XVII Международного симпозиума имени академика М. А. Усова студентов и молодых ученых, Томск, 1-5 апреля 2013 г./ Национальный исследовательский Томский политехнический университет (ТПУ), Институт природных ресурсов (ИПР) ; Общество инженеров-нефтяников, Студенческий чаптер ; под ред. А. Ю. Дмитриева.— , 2013
Т. 2.— 2013.— [С. 639-641]
Autor principal: Шайхитдинов Р. Р.
Autor corporatiu: Национальный исследовательский Томский политехнический университет (ТПУ) Институт природных ресурсов (ИПР) Кафедра геоэкологии и геохимии (ГЭГХ)
Altres autors: Осипова Н. А. Нина Александровна (научный руководитель)
Sumari:Заглавие с экрана
Idioma:rus
Publicat: 2013
Col·lecció:Геоэкология, охрана и защита окружающей среды. Геоинформационные системы в геоэкологии
Matèries:
Accés en línia:http://www.lib.tpu.ru/fulltext/c/2013/C11/V2/310.pdf
Format: Electrònic Capítol de llibre
KOHA link:https://koha.lib.tpu.ru/cgi-bin/koha/opac-detail.pl?biblionumber=605323

MARC

LEADER 00000naa2a2200000 4500
001 605323
005 20260226143854.0
035 |a (RuTPU)RU\TPU\conf\2608 
035 |a RU\TPU\conf\2602 
090 |a 605323 
100 |a 20140408d2013 k y0rusy50 ca 
101 0 |a rus 
102 |a RU 
135 |a arnn ---uucaa 
181 0 |a i  
182 0 |a b 
200 1 |a Экологическое состояние реки Иртыш и источники загрязнения ртутью  |f Р. Р. Шайхитдинов  |g науч. рук. Н. А. Осипова 
203 |a Текст  |c электронный 
225 1 |a Геоэкология, охрана и защита окружающей среды. Геоинформационные системы в геоэкологии 
300 |a Заглавие с экрана 
320 |a [Библиогр.: с. 641 (3 назв.)] 
337 |a Adobe Reader 
461 1 |0 (RuTPU)RU\TPU\conf\37  |t Проблемы геологии и освоения недр  |o труды XVII Международного симпозиума имени академика М. А. Усова студентов и молодых ученых, Томск, 1-5 апреля 2013 г.  |o в 2 т.  |f Национальный исследовательский Томский политехнический университет (ТПУ), Институт природных ресурсов (ИПР) ; Общество инженеров-нефтяников, Студенческий чаптер ; под ред. А. Ю. Дмитриева  |d 2013 
463 1 |0 (RuTPU)RU\TPU\conf\39  |t Т. 2  |v [С. 639-641]  |d 2013 
610 1 |a труды учёных ТПУ 
610 1 |a электронный ресурс 
610 1 |a экологическое состояние 
610 1 |a Иртыш 
610 1 |a загрязнение 
610 1 |a ртуть 
700 1 |a Шайхитдинов  |b Р. Р. 
702 1 |a Осипова  |b Н. А.  |c геохимик и геоэколог  |c доцент Томского политехнического университета, кандидат химических наук  |f 1958-  |g Нина Александровна  |4 727 
712 0 2 |a Национальный исследовательский Томский политехнический университет (ТПУ)  |b Институт природных ресурсов (ИПР)  |b Кафедра геоэкологии и геохимии (ГЭГХ)  |3 (RuTPU)RU\TPU\col\18658 
801 2 |a RU  |b 63413507  |c 20230316  |g RCR 
856 4 |u http://www.lib.tpu.ru/fulltext/c/2013/C11/V2/310.pdf 
942 |c CF